00725nam a2200169 a 4500008004100000050001700041100001800058245019100076260006000267300002600327490004000353490002000393500001700413650003400430650004600464650004500510121019s1996 ||||||||||||||||| || u aPAPERS/STAFF aSiziya, Seter10aFactors associated with Human Anthrax outbreak in the Chikupo and Ngandu villages of Murewa district in Mashonaland East Province, Zimbabwecby Seter Siziya, K. S. Mwenye and D. Peterson aLusaka:bUniversity of Zambia, School of Medicinec1996 ap. 312 - p. 315: ill. aCentral African Journal of Medicine vVol. 42, No. 11 aBibliography aDISEASES--OUTBREAKS--ZIMBABWE aANTHRAX--HUMAN--CHIKUPO VILLAGE, ZIMBABWE aANTHRAX--HUMAN--NGANDU VILLAGE--ZIMBABWE